000 00563nam a2200229Ia 4500
003 OSt
005 20221005113637.0
006 a|||||r|||| 00| 0
007 ta
008 221004b |||||||| |||| 00| 0 mal d
024 _a53178
037 _cTextual
040 _aCRL
_cCRL
_bmal
041 _2mal
_amal
082 _aNS222, 32J6
100 _aPillai Kesava
_9624699
245 0 _aAattakkatha vyakhyanam
260 _c1956
650 _aDANCE
_936226
942 _hNS222, 32J6
_cTEXL
_2cc
999 _c1028842
_d1028842